Statystyki dla Przystanki autobusowe w Siemianowicach Śląskich

Kliknij tutaj aby rozwiązać quiz!

Ogólne statystyki

  • Ten quiz został rozwiązany 5 razy
  • Średni wynik to 38 z 69

Statystyki odpowiedzi

DzielnicaNazwa przystanku% Poprawnych
BańgówBańgów Strefa
100%
BańgówBańgów Strefa Zakłady
100%
BańgówBańgów Zachodnia
100%
BytkówBytków Osiedle Chemik
100%
MichałkowiceMichałkowice Kościół
100%
CentrumOsiedle Tuwima Lipowa
100%
PrzełajkaPrzełajka Pętla
100%
CentrumSiemianowice Kopalniana
100%
BańgówBańgów Kościół
75%
BańgówBańgów Krupanka
75%
BańgówBańgów Przychodnia
75%
BytkówBytków Kościół
75%
BytkówBytków Watoły
75%
MichałkowiceMichałkowice Tarnogórska
75%
PrzełajkaPrzełajka Bukowa
75%
PrzełajkaPrzełajka Kościół
75%
CentrumPszczelnik Park
75%
CentrumPszczelnik Stara Szosa
75%
CentrumSiemianowice Budowlana Końcowy
75%
CentrumSiemianowice Hutnicza
75%
CentrumSiemianowice Mysłowicka
75%
CentrumSiemianowice Plac Skargi
75%
CentrumSiemianowice Powstańców
75%
CentrumSiemianowice Powstańców Pętla
75%
CentrumSiemianowice Śląska
75%
CentrumSiemianowice Szpital
75%
BytkówWęzłowiec Centrum Handlowe
75%
BytkówWęzłowiec Jagiełły
75%
BytkówWęzłowiec Pętla
75%
BańgówBańgów Zwycięstwa
50%
MichałkowiceMichałkowice Budryka
50%
MichałkowiceMichałkowice Domina
50%
MichałkowiceMichałkowice Kościelna
50%
MichałkowiceMichałkowice Maciejkowicka
50%
MichałkowiceMichałkowice Park Górnik
50%
MichałkowiceMichałkowice Plac 11 Listopada
50%
MichałkowiceMichałkowice Urząd Miasta
50%
MichałkowiceMichałkowice Wyzwolenia
50%
CentrumOsiedle Tuwima Grabowa
50%
PrzełajkaPrzełajka Brynicka
50%
CentrumSiemianowice Budowlana 6-8
50%
CentrumSiemianowice Chemiczna 1A
50%
CentrumSiemianowice Fabryczna
50%
CentrumSiemianowice Głowackiego
50%
BytkówSiemianowice Korfantego
50%
CentrumSiemianowice Kościół
50%
CentrumSiemianowice Liceum Katolickie
50%
MichałkowiceSiemianowice Michałkowicka
50%
CentrumSiemianowice Nowy Świat
50%
CentrumSiemianowice Rynek
50%
CentrumSiemianowice Stalmacha
50%
BańgówSiemianowice Strzelnica
50%
CentrumSiemianowice Urząd Skarbowy
50%
BytkówBytków Centrum Kultury
25%
BytkówBytków Kapicy
25%
BytkówBytków Osiedle Młodych
25%
BytkówCentrum Handlowe
25%
MichałkowiceMichałkowice Bytomska
25%
MichałkowiceMichałkowice Towarowa
25%
CentrumOsiedle Tuwima Poradnia
25%
CentrumPszczelnik Szkoła
25%
CentrumSiemianowice Huhtamaki
25%
CentrumSiemianowice Pszczelnicza
25%
CentrumPlac Skargi
0%
CentrumSiemianowice Chemiczna 14
0%
CentrumSiemianowice Kolonia Wojewódzka
0%
CentrumSiemianowice Konopickiej
0%
CentrumSiemianowice Łącząca
0%
CentrumSiemianowice Plebiscytowa
0%

Rozkład punktacji

Percentyl według liczby udzielonych odpowiedzi

Procent ludzi z każdym wynikiem

Twoja historia wyników

Nie rozwiązałeś tego quizu